Statistiques concernant Jojo Stand

Cliquez ici pour prendre le quiz!

Statistiques générales

  • Ce quiz a été pris 388 fois
  • Le résultat moyen est 17 sur 30

Statistiques - réponses

ManieurStand% Correct
DIOThe World
92%
Jotaro KujoStar Platinum
85%
Josuke HigashikataCrazy Diamond
83%
Yoshikage KiraKiller Queen
83%
Okuyasu NijimuraThe Hand
77%
Jean Pierre PolnareffSilver Chariot
76%
DiavoloKing Crimson
74%
Magician's RedMohammed Avdol
74%
Jolyne KujoStone Free
74%
Rohan KishibeHeaven's Door
71%
Joseph JoestarHermit Purple
71%
Made In HeavenEnrico Pucci
68%
Koichi HiroseEchoes
65%
Bruno BucciaratiSticky Fingers
65%
Weather ReportWeather Report
62%
Gold ExperienceGiorno Giovanna
60%
Noriaki KakyoinHierophant Green
60%
Risotto NeroMetallica
58%
Leone AbbacchioMoody Blues
56%
Narancia GhirgaAerosmith
54%
Guido MistaSex Pistols
54%
IggyThe Fool
53%
CreamVanilla Ice
39%
EmperorHol Horse
33%
Purple HazePannacotta Fugo
30%
Spicy GirlTrish Una
29%
Burning Down The HouseEmporio
26%
Bad CompanyKeicho Nijimura
13%
Diver DownNarciso Anasui
13%
Red Hot Chili PepperAkira Otoishi
8%

Distribution des résultats

Percentile par nombre de réponses

% des personnes avec chaque résultat

Votre développement - résultats

Vous n’avez pas pris ce quiz